Porada tajomníkov ústredných výborov Komunistických a robotníckych strán socialistických krajín pre medzinárodné a ideologické otázky

Bibliographic Details
Format: Article
Language:Slovak
Subjects:

MARC

LEADER 00000nab a2200000 a 4500
001 vtls000243963
003 SK-MaSNL
005 20260302211517.0
008 111130c1986 xo 0 slo
015 |a SNBRB19rr/mm-uuuuu 
035 |a CL0254077 
040 |a SNKBUCL  |b slo  |c SNKBUCL  |e AACR2 
041 0 |a slo 
044 |a xo  |c SK 
080 |a 329.15(100-11)  |2 1981 
080 |a 329  |2 1981 
080 |a 1 100.54  |2 1981 
245 0 0 |a Porada tajomníkov ústredných výborov Komunistických a robotníckych strán socialistických krajín pre medzinárodné a ideologické otázky 
650 0 7 |a komunistické strany  |2 snkbucl  |9 3597 
650 0 7 |a strany robotnícke  |2 snkbucl  |9 924363 
650 0 7 |a medzinárodná politika  |2 snkbucl  |9 4293 
650 0 7 |a ideológia  |2 snkbucl  |9 114922 
655 7 |a články z novín a časopisov  |2 snkbucl  |9 267496 
773 0 |t Život strany  |g Č. 1 (1986), s. 14-15 
850 |a Slovenská národná knižnica v Martine  |a MTA001 
852 |a SNK  |b KIS3GCP 
958 |a RK 
992 |a RBX 
999 |c 1485512  |d 1487442